Programový systém na podporu výučby v predmetoch LO a PPIP

Gespeichert in:
Bibliographische Detailangaben
1. Verfasser: Balga, Peter, 1991- (Verfasst von)
Weitere Verfasser: Krištofík, Štefan, 1984- (Betreuung Doktorarbeit)
Format: Manuskript Buch
Sprache:Slowakisch
Veröffentlicht: Bratislava : STU v Bratislave FIIT, 2012
Schlagworte:
Online-Zugang:VAIS
Tags: Tag hinzufügen
Keine Tags, Fügen Sie das erste Tag hinzu!

MARC

LEADER 00000ntm a22000003a 4500
001 stu275725
005 20150617230235.6
008 131005s2012----xo------------------slo-d
040 |a STU  |b slo 
041 0 |a slo 
044 |a xo 
100 1 |a Balga, Peter,  |d 1991-  |4 aut  |u I100  |U FIIT Fakulta informatiky a informačných technológií  |T FIIT Ústav počítačových systémov a sietí  |X 64489  |U I100  |Y 178  |7 A000064489 
242 0 0 |a A Software System for Supporting Education in Subjects LO and PPI  |y eng 
245 1 |a Programový systém na podporu výučby v predmetoch LO a PPIP 
260 |a Bratislava :  |b STU v Bratislave FIIT,  |c 2012 
650 7 |a počítačové a komunikačné systémy a siete  |2 stusub 
650 7 |a Computer and Communication Systems and Networks  |2 estusub 
650 7 |a education  |2 estusub 
650 7 |a výučba  |2 stusub 
650 7 |a logické obvody  |2 stusub 
700 1 |a Krištofík, Štefan,  |d 1984-  |4 ths  |u I100  |U FIIT Fakulta informatiky a informačných technológií  |T FIIT Ústav počítačových systémov a sietí  |X 24559  |U I100  |Y 178  |7 A000024559 
856 4 |a info a plný text  |u http://is.stuba.sk/zp/portal_zp.pl?podrobnosti=74624  |3 VAIS 
996 |c I*BAP142/12  |l II680  |s P  |a 0  |w stu275725_0001